Alan Silvestri Filmography - Statistics

General Stats
  • This quiz has been taken 32 times
    14 since last reset
  • The average score is 22 of 140
Answer Stats
Year Movie % Correct
1985 Back to the Future
80%
1987 Predator
70%
2012 The Avengers
70%
2018 The Predator
70%
2019 Avengers: Endgame
60%
2011 Captain America: The First Avenger
50%
2000 Cast Away
50%
1994 Forrest Gump
50%
2004 The Polar Express
50%
1988 Who Framed Roger Rabbit
50%
2018 Avengers: Infinity War
40%
1991 Father of the Bride
40%
2024 Here
40%
1990 Predator 2
40%
1984 Romancing the Stone
40%
2000 What Lies Beneath
40%
2009 A Christmas Carol
30%
1989 Back to the Future Part II
30%
1990 Back to the Future Part III
30%
1997 Contact
30%
1992 Death Becomes Her
30%
2012 Flight
30%
1997 Mousehunt
30%
2006 Night at the Museum
30%
2010 Predators
30%
2018 Ready Player One
30%
2013 The Croods
30%
2001 The Mummy Returns
30%
2015 The Walk
30%
2004 Van Helsing
30%
2016 Allied
20%
2015 Avengers: Age of Ultron
20%
2007 Beowulf
20%
1994 Blown Away
20%
1985 Cat's Eye
20%
1996 Eraser
20%
1995 Father of the Bride Part II
20%
2002 Maid in Manhattan
20%
1988 My Stepmother Is an Alien
20%
1986 No Mercy
20%
2022 Pinocchio
20%
2022 Prey
20%
2013 RED 2
20%
1992 Stop! Or My Mom Will Shoot
20%
1986 The Delta Force
20%
2020 The Witches
20%
1997 Volcano
20%
2018 Welcome to Marwen
20%
2007 Aliens V.S. Predator: Requiem
10%
1986 American Anthem
10%
1994 Clean Slate
10%
1993 Cop and a Half
10%
1987 Critical Condition
10%
1990 Downtown
10%
1991 Dutch
10%
1985 Fandango
10%
1992 FernGully: The Last Rainforest
10%
1986 Flight of the Navigator
10%
1997 Fools Rush In
10%
2009 G.I. Joe: The Rise of Cobra
10%
1995 Grumpier Old Men
10%
1993 Grumpy Old Men
10%
1998 Holy Man
10%
2003 Identity
10%
1995 Judge Dredd
10%
1993 Judgement Night
10%
2003 Lara Croft Tomb Raider: The Cradle of Life
10%
1975 Las Vegas Lady
10%
2002 Lilo and Stitch
10%
1988 Mac and Me
10%
1996 Mission: Impossible
10%
2009 Night at the Museum: Battle of the Smithsonian
10%
1987 Outrageous Fortune
10%
1987 Overboard
10%
2003 Pirates of the Caribbean: The Curse of the Black Pearl
10%
1998 Practical Magic
10%
2000 Reindeer Games
10%
1994 Richie Rich
10%
1991 Ricochet
10%
2001 Serendipity
10%
1996 Sgt. Bilko
10%
1991 Shattered
10%
1989 She's Out of Control
10%
2002 Showtime
10%
1992 Sidekicks
10%
1991 Soapdish
10%
1999 Stuart Little
10%
2002 Stuart Little 2
10%
1985 Summer Rental
10%
1993 Super Mario Bros.
10%
1989 The Abyss
10%
1976 The Amazing Dobermans
10%
2010 The A-Team
10%
1992 The Bodyguard
10%
1986 The Clan of the Cave Bear
10%
1972 The Doberman Gang
10%
1978 The Fifth Floor
10%
1996 The Long Kiss Goodnight
10%
2001 The Mexican
10%
1998 The Odd Couple II
10%
1998 The Parent Trap
10%
1995 The Perez Family
10%
1995 The Quick and the Dead
10%
2006 The Wild
10%
1983 Tiger Man
10%
1992 Two-Fisted Tales
10%
2000 What Women Want
10%
1990 Young Guns II
10%
1986 Amazing Stories
0%
2014 A Million Ways to Die in the West
0%
2022 Better Nate Than Ever
0%
2021 Black Widow
0%
2011 Bridesmaids
0%
2014 Captain America: The Winter Soldier
0%
2019 Captain Marvel
0%
2023 Dark Suns
0%
2022 Doctor Strange in the Multiverse of Madness
0%
1997 For Richer or Poorer
0%
2007 Fred Claus
0%
2021 Free Guy
0%
2009 Hannah Montana: The Movie
0%
2014 Iron Man and Captain America: Heroes United
0%
2008 Is Anybody There?
0%
2021 Kek - The Movie
0%
1980 Lee and Loree
0%
2006 Leroy and Stitch
0%
1976 Let My Puppets Come
0%
2005 Lilo and Stitch 2: Stitch Has a Glitch
0%
1978 People
0%
2014 Ride Along
0%
TBD Robodog
0%
2003 Something's Gotta Give
0%
2017 Spider-Man: Homecoming
0%
1998 Star Trek: Insurrection
0%
2003 Stitch! The Movie
0%
2004 Teacher's Pet
0%
2018 Teen Titans GO! To the Movies
0%
2006 The Fear (El Miedo)
0%
2011 The Sitter
0%
2013 Thor: The Dark World
0%
No matching quizzes found
Score Distribution
Percent of People with Each Score
Percentile by Number Answered
Your Score History
You have not taken this quiz since the last reset